| 000 | 00577nam a22002177a 4500 | ||
|---|---|---|---|
| 999 |
_c6309 _d6309 |
||
| 003 | OSt | ||
| 005 | 20210315125104.0 | ||
| 008 | 190906b ||||| |||| 00| 0 eng d | ||
| 020 | _a9780124314139 | ||
| 040 | _cDDC | ||
| 082 | _a636.2 PER 1980 | ||
| 100 | _4Perry, Tilden Wayne | ||
| 245 | _aBeef Cattle Feedinf and Nutrition | ||
| 260 |
_aNew Yor; _bAcademic Press, _c1980 |
||
| 300 |
_axv,383p; _bill: _c24cm |
||
| 504 | _aAppendices, & index included | ||
| 650 |
_aCattle feeding _912929 |
||
| 650 |
_aAgriculture _94591 |
||
| 650 |
_aNutrition _9321 |
||
| 942 |
_2z _cB_BANK |
||